Specifier (Record no. 79491)
[ view plain ]
| 000 -LEADER | |
|---|---|
| fixed length control field | 00814cab a22002055a 4500 |
| 001 - CONTROL NUMBER | |
| control field | L141451 |
| 008 - FIXED-LENGTH DATA ELEMENTS--GENERAL INFORMATION | |
| fixed length control field | 071126e20071116xxka f 000 0 eng d |
| 035 ## - SYSTEM CONTROL NUMBER | |
| System control number | (Sirsi) u141451 |
| 041 0# - LANGUAGE CODE | |
| Language code of text/sound track or separate title | eng |
| 100 1# - MAIN ENTRY--PERSONAL NAME | |
| Personal name | Kennett, Stephen |
| 245 00 - TITLE STATEMENT | |
| Title | Specifier |
| Remainder of title | sustainability |
| 260 ## - PUBLICATION, DISTRIBUTION, ETC. | |
| Date of publication, distribution, etc. | 2007 |
| 490 #0 - SERIES STATEMENT | |
| Series statement | Building |
| Volume/sequential designation | 272(8506) 16 November 2007, 92-100(7) |
| 520 ## - SUMMARY, ETC. | |
| Summary, etc. | Looks at the whole life costs for wind turbines and covers issues such as wind speed and power, specification options, mounting, and standards. Also considers the use of aerated clay blocks as a sustainable alternative to traditional cavity walls. Includes details of sustainable building products. |
| 590 ## - LOCAL NOTE (RLIN) | |
| Local note | KA |
| 651 #4 - SUBJECT ADDED ENTRY--GEOGRAPHIC NAME | |
| Geographic name | United Kingdom |
| Chronological subdivision | |
| 690 ## - LOCAL SUBJECT ADDED ENTRY--TOPICAL TERM (OCLC, RLIN) | |
| Topical term or geographic name as entry element | BUILT ENVIRONMENT-SUSTAINABLE CONSTRUCTION |
| 700 1# - ADDED ENTRY--PERSONAL NAME | |
| Personal name | Mayer, Peter |
| 942 ## - ADDED ENTRY ELEMENTS (KOHA) | |
| Suppress in OPAC | 0 |
| Withdrawn status | Lost status | Source of classification or shelving scheme | Damaged status | Not for loan | Home library | Current library | Shelving location | Date acquired | Total Checkouts | Full call number | Barcode | Date last seen | Copy number | Price effective from | Koha item type |
|---|---|---|---|---|---|---|---|---|---|---|---|---|---|---|---|
| Dewey Decimal Classification | London | London | Journal article | 26/11/2007 | L141451 | 141451-1001 | 06/08/2019 | 1 | 06/08/2019 | Journal article |